000 00988nam a22003017a 4500
001 4778
003 FISKH
005 20241010123729.0
008 241010b cb ||||| |||| 00| 0 eng d
020 _a9780544022676
040 _aFISKH
_beng
_cFISKH
_dFISKH
050 _aPZ7.S58625
082 _a813.54
100 _aSilverman, Erica
_d(1955-)
245 _aFavorite stories from cowgirl Kate and Cocoa /
_cWritten By Erica Silverman Painted By Betsy Lewin
250 _aFirst edition in 2013
260 _aNew York :
_bGreen Light Readers,
_c2013.
300 _a30 pages :
_bColor illustrations ;
_c23 cm
505 _aJ
520 _aWhen Cocoa decides to explore the house, Cowgirl Kate has a hard time convincing him he must return to the barn.
521 8 _a440L
_bLexile
521 8 _aJ
_bRaz-Plus
650 _2First reader
_aChildren's book
650 _2Picture book
_aJuvenile
700 _aLewin, Betsy
_dIllustrator
942 _2ddc
_cBK
_n0
999 _c4778
_d4778